000 00529nam a2200193Ia 4500
005 20260120130336.0
008 008 260114s9999 xx 000 0 eng d
020 _a9780191603976
037 _aEBOOK
040 _aCRL
_beng
_cCRL
041 _aeng
_2eng
084 _qCRL
100 _aGilbert
_9913873
245 2 _aA Theory of Political Obligation
260 _bOxford University PressOxford University Press
_c2006
856 _uhttps://academic.oup.com/book/8587
942 _cEBOOK
999 _c1505776
_d1505776